Silver jubilee commemoration volume (Record no. 431370)

000 -LEADER
fixed length control field 00356cam a22001217a 4500
008 - FIXED-LENGTH DATA ELEMENTS--GENERAL INFORMATION
fixed length control field 180718b1958 xxu||||| |||| 00| 0 eng d
082 ## - DEWEY DECIMAL CLASSIFICATION NUMBER
Classification number P5x5442 N868
245 ## - TITLE STATEMENT
Title Silver jubilee commemoration volume
Statement of responsibility, etc. edited by P. R. Damle
260 ## - PUBLICATION, DISTRIBUTION, ETC.
Place of publication, distribution, etc. Poona
Name of publisher, distributor, etc. Nowrosjee Wadai College
Date of publication, distribution, etc. 1958
300 ## - PHYSICAL DESCRIPTION
Extent 201p.
650 ## - SUBJECT ADDED ENTRY--TOPICAL TERM
Topical term or geographic name entry element Paper industry --India
700 ## - ADDED ENTRY--PERSONAL NAME
Personal name Damle, P. R.
Holdings
Withdrawn status Lost status Damaged status Not for loan Permanent Location Current Location Date acquired Full call number Barcode Date last seen Price effective from Koha item type
        Indian Institute of Public Administration Indian Institute of Public Administration 2010-01-19 P5x5442 N868 18253 2018-07-21 2018-07-21 Book

Powered by Koha